000
00303nam a2200109Ia 4500
008
200302s9999 xx 000 0 und d
100
_a
Amitabh
245
_a
Urban land markets and land price changes A study in the third world context
260
_b
Ashgate Publishing Ltd
260
_c
1997
300
_a
311
999
_c
6032
_d
6032